Steden van Nederland - Statistieken

Algemene statistieken
  • Deze quiz is 37 keer genomen
  • De gemiddelde score is 49 van 191
Antwoorden op de kaart
Antwoorden kleurgecodeerd door een groen-rode schaal op de quizkaart volgens % correct hieronder.
 
Antwoordstatistieken
group answer % Correct
Noord-Holland Amsterdam
94%
Zuid-Holland Den Haag | 's Gravenhage | La Haye | The Hague | der Haag
91%
Zuid-Holland Rotterdam
88%
Drenthe Assen
85%
Friesland Ljouwert | Leeuwarden | Leuvarde
85%
Limburg Maastricht | Maestricht
85%
Noord-Brabant Eindhoven
82%
Zuid-Holland Leiden | Leyde
82%
Noord-Brabant 's Hertogenbosch | Den Bosch | Bois-le-Duc | Herzogenbusch
82%
Utrecht Utrecht
82%
Noord-Brabant Breda | Bréda
79%
Noord-Brabant Tilburg | Tilbourg
79%
Noord-Holland Haarlem | Harlem
76%
Overijssel Zwolle
76%
Gelderland Arnhem | Arnheim
73%
Zuid-Holland Dordrecht | Dort
73%
Gelderland Nijmegen | Nimwegen | Nimègue
73%
Zeeland Vlissingen | Flessingue | Flushing
73%
Overijssel Almelo
70%
Overijssel Enschede
70%
Limburg Venlo
67%
Noord-Holland Alkmaar
61%
Overijssel Deventer
61%
Noord-Holland Texel
61%
Zuid-Holland Delft
58%
Noord-Holland Hoorn
58%
Limburg Roermond | Ruremonde | Rurmund | Rühremonde
58%
Friesland Snits | Sneek
58%
Limburg Weert
58%
Limburg Sittard
55%
Utrecht Amersfoort
52%
Zeeland Goes
52%
Zuid-Holland Gouda
52%
Overijssel Kampen
52%
Noord-Brabant Bergen op Zoom | Berg-op-Zoom | Bergues-sur-le-Zon
48%
Friesland Frjentsjer | Franeker
48%
Zeeland Terneuzen | Terneuse
48%
Groningen Delfzijl
45%
Noord-Holland Enkhuizen
45%
Gelderland Harderwijk
45%
Friesland Harns | Harlingen
45%
Noord-Brabant Helmond | Helmont
45%
Drenthe Meppel
45%
Noord-Brabant Oss
45%
Gelderland Wageningen
45%
Friesland Dokkum
42%
Gelderland Culemborg
39%
Noord-Holland Purmerend
39%
Zuid-Holland Schiedam
39%
Zeeland Sluis | L'Écluse
39%
Friesland Starum | Stavoren | Staveren
39%
Limburg Valkenburg | Falkenburg | Fauquemont
39%
Zuid-Holland Vlaardingen | Flardingue
39%
Noord-Holland Zaandam
39%
Gelderland Zutphen | Zütphen
39%
Drenthe Coevorden
36%
Noord-Holland Edam
36%
Utrecht Woerden
36%
Gelderland Doetinchem
33%
Overijssel Steenwijk
33%
Limburg Echt
30%
Zuid-Holland Gorinchem
30%
Zeeland Hulst
30%
Overijssel Oldenzaal
30%
Gelderland Tiel
30%
Noord-Brabant Waalwijk
30%
Gelderland Zaltbommel
30%
Utrecht IJsselstein
27%
Noord-Holland Naarden
27%
Gelderland Nijkerk
27%
Overijssel Ommen
27%
Noord-Brabant Oosterhout
27%
Zeeland Tholen
27%
Noord-Holland Weesp
27%
Utrecht Baarn
24%
Friesland Drylst | IJlst
24%
Noord-Holland Schagen
24%
Limburg Susteren
24%
Zeeland Veere
24%
Groningen Winschoten
24%
Zeeland Zierikzee
24%
Noord-Holland Beverwijk
21%
Friesland Boalser | Bolsward
21%
Zuid-Holland Maassluis
21%
Noord-Brabant Oisterwijk
21%
Friesland Sleat | Sloten
21%
Utrecht Vianen
21%
Groningen Appingedam
18%
Utrecht Leerdam
18%
Noord-Holland Medemblik
18%
Utrecht Rhenen
18%
Friesland Warkum | Workum
18%
Utrecht Wijk bij Duurstede
18%
Zeeland Arnemuiden
15%
Gelderland Doesburg
15%
Zeeland Domburg | Dombourg
15%
Gelderland Elburg
15%
Overijssel Hardenberg
15%
Friesland Hylpen | Hindelopen
15%
Noord-Brabant Willemstad
15%
Gelderland Zevenaar
15%
Zeeland Axel
12%
Utrecht Bunschoten
12%
Gelderland Buren
12%
Zuid-Holland Delfshaven
12%
Noord-Brabant Sint Oedenrode | Rhode-Saint-Oude
12%
Limburg Gennep
12%
Overijssel Hasselt
12%
Gelderland Hattem
12%
Gelderland Huissen
12%
Noord-Holland Monnickendam
12%
Overijssel Rijssen
12%
Noord-Brabant Woudrichem
12%
Zuid-Holland Brielle
9%
Zeeland Brouwershaven
9%
Zeeland Oostburg | Oostbourg
9%
Noord-Brabant Geertruidenberg | Mont-Sainte-Gertrude
9%
Noord-Brabant Grave
9%
Gelderland Groenlo
9%
Noord-Brabant Heusden
9%
Gelderland Lochem
9%
Utrecht Montfoort
9%
Noord-Holland Muiden
9%
Zeeland Westkapelle
9%
Noord-Holland Wieringen
9%
Zeeland Aardenburg | Aerdenbourg
6%
Noord-Brabant Bergeijk
6%
Gelderland Borculo
6%
Gelderland Bronkhorst
6%
Overijssel Delden
6%
Gelderland 's Heerenberg
6%
Utrecht Eemnes-Binnen
6%
Utrecht Eemnes-Buiten
6%
Overijssel Genemuiden
6%
Overijssel Goor
6%
Overijssel Gramsbergen
6%
Noord-Holland Grootebroek
6%
Zeeland IJzendijke | Ysendyck
6%
Limburg Kessel
6%
Overijssel Ootmarsum
6%
Utrecht Oudewater
6%
Zeeland Philippine
6%
Noord-Brabant Ravenstein
6%
Zuid-Holland Schoonhoven
6%
Noord-Brabant Steenbergen
6%
Utrecht Ameide
3%
Utrecht Austerlitz
3%
Friesland Berltsum | Berlikum
3%
Zeeland Biervliet
3%
Gelderland Bredevoort
3%
Zuid-Holland 's Gravenzande
3%
Utrecht Eembrugge
3%
Zuid-Holland Geervliet
3%
Gelderland Gendt
3%
Overijssel Grafhorst
3%
Zuid-Holland Haastrecht
3%
Zuid-Holland Heenvliet
3%
Noord-Brabant Klundert
3%
Limburg Montfort
3%
Gelderland Staverden
3%
Gelderland Terborg
3%
Noord-Brabant Zevenbergen
3%
Noord-Holland Abbekerk
0%
Zuid-Holland Ammerstol
0%
Gelderland Asperen
0%
Noord-Holland Barsingerhorn
0%
Gelderland Batenburg
0%
Overijssel Blokzijl
0%
Zuid-Holland Goedereede
0%
Noord-Holland Hem
0%
Gelderland Heukelum
0%
Noord-Holland Hoogwoud
0%
Zeeland Kortgene
0%
Gelderland Laag-Keppel
0%
Noord-Holland Langedijk
0%
Gelderland Maasbommel
0%
Noord-Brabant Megen
0%
Noord-Holland Niedorp
0%
Zuid-Holland Nieuwpoort
0%
Limburg Nieuwstadt
0%
Noord-Holland Schellinkhout
0%
Zeeland Sint Ana ter Muiden | Sainte-Anne-ter-Muyden
0%
Zeeland Sint-Maartensdijk
0%
Noord-Holland Spanbroek
0%
Overijssel Vollenhove
0%
Utrecht Vreeland
0%
Limburg Wessem
0%
Noord-Holland Westwoud
0%
Overijssel Wilsum
0%
Noord-Holland Winkel
0%
Geen overeenkomende quizzen gevonden
Scoreverdeling
Procent van Mensen met Elke Score
Percentiel versus Aantal Correcte Antwoorden
Uw Scoregeschiedenis
U heeft deze quiz nog niet genomen